Peoples and policies of South Africa (Record no. 373051)

000 -LEADER
fixed length control field 00351cam a22001337a 4500
008 - FIXED-LENGTH DATA ELEMENTS--GENERAL INFORMATION
fixed length control field 180718b1952 xxu||||| |||| 00| 0 eng d
082 ## - DEWEY DECIMAL CLASSIFICATION NUMBER
Classification number A6x68 M347
100 ## - MAIN ENTRY--PERSONAL NAME
Personal name Marquard, Leo
245 ## - TITLE STATEMENT
Title Peoples and policies of South Africa
Statement of responsibility, etc. by Leo Marquard
260 ## - PUBLICATION, DISTRIBUTION, ETC.
Place of publication, distribution, etc. London
Name of publisher, distributor, etc. OUP
Date of publication, distribution, etc. 1952
300 ## - PHYSICAL DESCRIPTION
Extent 258p.
500 ## - GENERAL NOTE
General note 16/-
650 ## - SUBJECT ADDED ENTRY--TOPICAL TERM
Topical term or geographic name entry element Union of South Africa
Holdings
Withdrawn status Lost status Damaged status Not for loan Permanent Location Current Location Date acquired Full call number Barcode Date last seen Price effective from Koha item type
        Indian Institute of Public Administration Indian Institute of Public Administration 1994-06-18 A6x68 M347/62 32434 2018-07-21 2018-07-21 Book
        Indian Institute of Public Administration Indian Institute of Public Administration 1994-06-18 A6x68 M347/60 23816 2018-07-21 2018-07-21 Book
        Indian Institute of Public Administration Indian Institute of Public Administration 1994-06-18 A6x68 M347 14399 2018-07-21 2018-07-21 Book

Powered by Koha